| 000 | 01203pam a2200349 a 4500 | ||
|---|---|---|---|
| 001 | 460738 | ||
| 003 | OSt | ||
| 005 | 20140310182703.0 | ||
| 008 | 830329s1983 vaua 000 0 eng | ||
| 010 | _a 83006218 | ||
| 020 | _a0873532058 (pbk.) | ||
| 040 |
_aDLC _cDLC _dDLC |
||
| 050 | 0 | 0 |
_aQA 135.5 _b.W932 1983 |
| 082 | 0 | 0 |
_aM 372.7 _bN33 1983 |
| 100 | 1 | _aNelson, Doyal. | |
| 245 | 1 | 0 |
_aHow to choose and create good problems for primary children / _cWorth, Joan |
| 260 |
_aReston, Va. : _bNational Council of Teachers of Mathematics, _cc1983. |
||
| 300 |
_a40 p. : _bill. ; _c23 cm. |
||
| 500 | _aCover title. | ||
| 500 | _aRevision of a chapter in the NCTM's 37th yearbook, Mathematics learning in early childhood (1975) | ||
| 521 | _aCollege Students | ||
| 526 | _c1210L-1700L | ||
| 541 | _j1 | ||
| 562 | _eFor circulation. 1 copy available in the collection | ||
| 650 | 0 |
_aMathematics _xStudy and teaching (Primary) |
|
| 650 | 0 |
_aMathematics _xProblems, exercises, etc. |
|
| 650 | 0 | _aProblem solving. | |
| 700 | 1 | _aWorth, Joan. | |
| 710 | 2 | _aNational Council of Teachers of Mathematics. | |
| 906 |
_a7 _bcbc _corignew _d1 _eocip _f19 _gy-gencatlg |
||
| 942 |
_2lcc _cBK _kM |
||
| 999 |
_c15188 _d15188 |
||